| 000 | 00000nam 2200000za 4500 |
| 001 | 9.582463 |
| 003 | CaOODSP |
| 005 | 20210624192050 |
| 007 | cr ||||||||||| |
| 008 | 150406s2001 xxc|||||o f|0| 0 eng d |
| 020 | |a0-662-66078-1 |
| 040 | |aCaOODSP|beng |
| 041 | |aeng |
| 041 | |afre |
| 043 | |an-cn--- |
| 086 | 1 |aS52-2/247-2001-PDF |
| 110 | 1 |aCanada. |bPublic Works and Government Services Canada. |bTranslation Bureau. |
| 245 | 10|aGlossary of terms pertaining to disabled persons |h[electronic resource]. |
| 260 | |aOttawa : |bPublic Works and Government Services Canada, |c2001. |
| 300 | |a500 p. |
| 490 | 1 |aTerminology bulletin ; |vNo. 247 |
| 500 | |a"In this glossary, containing some 1 800 entries, the user will find not only a reflection of sociological change, but the names of programs, associations and organizations, as well as terms from such related fields as rehabilitation and technical aids." -- Introd. |
| 504 | |aBibliography. |
| 590 | |a07-04-Supp|b2007-06-29 |
| 690 | 07|aTerminology|2gcpds |
| 690 | 07|aPersons with disabilities|2gcpds |
| 792 | |tLexique des personnes handicapées |efre|w(CaOODSP)9.582464 |
| 830 | #0|aTerminology bulletin ;|vNo. 247|w(CaOODSP)9.500139 |
| 856 | 40|ahttp://publications.gc.ca|qPDF|s3.36 MB|uhttps://publications.gc.ca/collections/Collection/S52-2-247.pdf|yNo. 247 |